| 000 | 01624nam a22003257a 4500 | ||
|---|---|---|---|
| 999 |
_c29504 _d29475 |
||
| 003 | EG-ScBUE | ||
| 005 | 20210926144956.0 | ||
| 008 | 210926s2006 ua a f 000 0 ara d | ||
| 020 | _a9789290215400 | ||
| 040 |
_aEG-ScBUE _bara _erda _cEG-ScBUE _dEG-ScBUE |
||
| 041 | 0 |
_aara _aeng |
|
| 082 | 0 | 4 |
_a614.4 _bم ك ا _222 |
| 245 | 0 | 0 |
_aمكافحة الأمراض السارية / _cدكتور دافيد ل. هايمان، محرر ؛ الترجمة العربية صادرة عن المكتب الإقليمي لشرق المتوسط، منظمة الصحة العالمية. |
| 250 | _aالطبعة الثامنة عشرة. | ||
| 264 | 1 |
_aالقاهرة : _bمنظمة الصحة العالمية، المكتب الإقليمي لشرق المتوسط، _c2006. |
|
| 300 |
_a766 صفحة : _bإيضاحيات ؛ _c15 سم |
||
| 336 |
_2rdacontent _aنص _btxt |
||
| 337 |
_2rdamedia _aبدون وسيط _bn |
||
| 338 |
_2rdacarrier _aمجلد _bnc |
||
| 500 | _aمطبوع رسمي صادر عن جمعية الصحة العامة الأمريكية APHA. | ||
| 541 |
_cDonation ; _aDr. Shahrazad. |
||
| 546 | _aالنص باللغتين العربية والإنجليزية. | ||
| 650 | 7 |
_aالعدوى والأمراض المعدية _xالوقاية. _2BUEsh |
|
| 650 | 7 |
_aالصحة الوقائية. _2BUEsh |
|
| 653 | 7 |
_aBUEsh _bGGEN _cSeptember2021 |
|
| 655 | 7 |
_2BUEsh _vReading book _934232 |
|
| 700 | 1 |
_aهايمان، ل. دافيد، _eمحرر. |
|
| 710 | 2 |
_aمنظمة الصحة العالمية. _bالمكتب الإقليمي لشرق المتوسط، _eمترجم. _922099 |
|
| 942 | _2ddc | ||